| 000 | 01014cam a22002772 4500 | ||
|---|---|---|---|
| 001 | 0000025054 | ||
| 005 | 20151217160132.0 | ||
| 008 | 141026s xx 000 0 eng d | ||
| 020 | _a015320241 : | ||
| 040 |
_aKABU _cKABU |
||
| 100 | 1 |
_aFarr, Roger C. _@0000028192 |
|
| 245 | 1 | 0 |
_aLanguage / _cby Roger C. Farr, Dorothy S. Strickland. |
| 260 |
_aOrlando : _bHarvourt, _c2002. |
||
| 300 | _a6 vols. (various pagings) ; | ||
| 650 | 0 |
_aEnglish language. _@0000152087 |
|
| 700 | 1 |
_aStrickland, Dorothy S. _@0000017369 |
|
| 908 | _a141026 | ||
| 950 | _@1 | ||
| 999 |
_c14729 _d14729 |
||